000 00607nam a2200241Ia 4500
003 OSt
005 20221007082240.0
006 a|||||r|||| 00| 0
007 ta
008 221006b |||||||| |||| 00| 0 eng d
024 _a12,042
037 _cReports / Technical Reports
040 _aFLL
_cFLL
_beng
041 _2eng
_aeng
082 _aV2:2:9Z, L3;5
110 _aGovt. of india
245 0 _aConstitution of india
260 _c1973
300 _a307p
_ccm.
700 _aGovt. of india
942 _hV2:2:9Z, L3;5
_cREP
_2CC
999 _c1165821
_d1165821